00691nam a2200169 a 4500008004100000050001400041100001800055245005100073246001600124260002800140350000900168650001500177700001800192995014700210995014700357999001700504120416s1980 ||||||||||||||||| || u aHD 31 Gle aWells, Ronald14aThe business organisation and it's environment awork book 1 aLondonbHeinemannc1980 a0.00 0aMANAGEMENT aGlew, Matthew aANNEX COLLECTION (Main Library)D0.00e709029FCBU-MAIN LIBRARY (Kitwe)H1I1.95jHD 31 GleM1UAVAILABLEy000465ZAnnex Low-Usage Collection  aANNEX COLLECTION (Main Library)D0.00e709030FCBU-MAIN LIBRARY (Kitwe)H2I1.95jHD 31 GleM2UAVAILABLEy000468ZAnnex Low-Usage Collection  c79044d79044